Music Quiz

Random Music or Song Quiz

10 to 1: Classic Rock Songs XII Quiz Stats

 Plays Quiz Updated Aug 6, 2018

Challenge
Share
Tweet
Embed
Score 0/55 Timer 06:00
4 Plays Today
% Correct
American Idiot
91%
Boulevard of Broken Dreams
85.7%
Basket Case
82%
Good Riddance (Time of Your Life)
80.2%
Losing My Religion
72.6%
Reelin' in the Years
72.1%
Rock You Like a Hurricane
70.9%
When I Come Around
69.6%
Rikki Don't Lose That Number
68.9%
The Low Spark of High-Heeled Boys
67%
Ace of Spades
64.5%
Joy to the World
63%
We're an American Band
62.6%
Deacon Blues
59.4%
Wind of Change
58.4%
Do It Again
58.2%
Man on the Moon
57.6%
Feelin' Alright
57.3%
Radio Free Europe
57%
Jesus of Suburbia
56.9%
Hey Nineteen
56.3%
It's the End of the World as We Know It
54.5%
Welcome to Paradise
54%
Mama Told Me (Not to Come)
52.3%
Dear Mr. Fantasy
51.9%
FM (No Static at All)
51.4%
Longview
50.2%
Empty Pages
48.8%
% Correct
I Wanna Be Your Dog
46.6%
Dirty Work
45%
John Barleycorn
44.9%
Some Kind of Wonderful
44.4%
The One I Love
44.3%
Kid Charlemagne
43.9%
My Old School
41.8%
The Loco-Motion
41.3%
I'm Your Captain (Closer to Home)
38.8%
Minority
38.4%
No One Like You
38%
Black Friday
36.8%
Kick Out the Jams
36.8%
Search and Destroy
36.4%
Medicated Goo
35.7%
Everybody Hurts
35.6%
Still Loving You
31.4%
Your Pretty Face is Going to Hell
29.4%
One
26.6%
Killed by Death
25.9%
Orange Crush
25.5%
Fall on Me
24.9%
T.V. Eye
23.4%
Down on the Street
23.2%
Paper Sun
22.2%
I Got a Right
20.2%
Walk Like a Man
17.9%

You're not logged in!

Compare scores with friends on all Sporcle quizzes.
OR
Log In

You Might Also Like...

Show Comments

Extras

Top Quizzes Today


Score Distribution

Your Account Isn't Verified!

In order to create a playlist on Sporcle, you need to verify the email address you used during registration. Go to your Sporcle Settings to finish the process.

Report this User

Report this user for behavior that violates our Community Guidelines.

Details: